Agência Abreu : (Record no. 147461)

MARC details
000 -LEADER
campo de control de longitud fija 01026nam a2200277 i 4500
001 - NÚMERO DE CONTROL
campo de control 147461
003 - IDENTIFICADOR DE NÚMERO DE CONTROL
campo de control ES-MaACL
005 - FECHA Y HORA DE LA ÚLTIMA TRANSACCIÓN
campo de control 20251207122542.0
007 - CAMPO FIJO DE DESCRIPCIÓN FÍSICA--INFORMACIÓN GENERAL
campo de control de longitud fija t|
008 - DATOS DE LONGITUD FIJA--INFORMACIÓN GENERAL
campo de control de longitud fija 210812s2016 po ao 00110deng d
020 ## - NÚMERO INTERNACIONAL ESTÁNDAR DEL LIBRO
Número Internacional Estándar del Libro 978-989-99474-1-2
080 ## - NÚMERO DE LA CLASIFICACIÓN DECIMAL UNIVERSAL
Número de la Clasificación Decimal Universal 656.079(469.121)(091)
100 1# - ENTRADA PRINCIPAL--NOMBRE DE PERSONA
Nombre de persona Sousa, Fernando de.
9 (RLIN) 173183
245 10 - MENCIÓN DEL TÍTULO
Título Agência Abreu :
Resto del título a 175-year journey / [authors, Fernando de Sousa, Maria Conceiçao Meireles Pereira].
250 ## - MENCION DE EDICION
Mención de edición 1st English ed.
260 ## - PUBLICACIÓN, DISTRIBUCIÓN, ETC.
Lugar de publicación, distribución, etc. [Porto :
Nombre del editor, distribuidor, etc. Viagens Abreu],
Fecha de publicación, distribución, etc. 2016 (
Fabricante Printer Portuguesa)
300 ## - DESCRIPCIÓN FÍSICA
Extensión 399 p. :
Otras características físicas il. col. y n., fot. ;
Dimensiones 30 cm.
504 ## - NOTA DE BIBLIOGRAFÍA, ETC.
Nota de bibliografía, etc. Bibliografía: p. 397-399.
600 14 - PUNTO DE ACCESO ADICIONAL DE MATERIA--NOMBRE DE PERSONA
Nombre de persona Vieira de Abreu, Bernardo Luís.
9 (RLIN) 173186
610 24 - PUNTO DE ACCESO ADICIONAL DE MATERIA--NOMBRE DE ENTIDAD CORPORATIVA
Nombre de entidad corporativa o nombre de jurisdicción como elemento de entrada Agência Abreu (Porto)
9 (RLIN) 173184
650 #4 - PUNTO DE ACCESO ADICIONAL DE MATERIA--TÉRMINO DE MATERIA
Término de materia o nombre geográfico como elemento de entrada Agencias de viajes-
Subdivisión geográfica Portugal.
9 (RLIN) 173185
700 1# - ENTRADA AGREGADA--NOMBRE PERSONAL
Nombre de persona Pereira, Maria da Conceição Meireles,
Fechas asociadas al nombre 1960-
9 (RLIN) 173187
852 4# - LOCALIZACIÓN
Ubicación ES-MaACL
Número de control de estantería A-14707
itemnumber 152755
Sublocalización o colección R.151847
Ubicación en estantería Depósito 1
Signatura antigua Olim: N-7707
Donativo/Legado Donación: Editorial
942 ## - ELEMENTOS DE ENTRADA SECUNDARIOS (KOHA)
Fuente del sistema de clasificación o colocación Clasificación decimal universal
Tipo de ítem Koha Libro impreso
Holdings
Estatus retirado Estado de pérdida Fuente del sistema de clasificación o colocación Estado de daño No para préstamo Biblioteca de origen Biblioteca actual Ubicación en estantería Fecha de adquisición Fuente de adquisición Total de préstamos Signatura topográfica completa Código de barras Visto por última vez Precio de reemplazo Tipo de ítem Koha
    Clasificación decimal universal     Biblioteca del Ateneo de Madrid Biblioteca del Ateneo de Madrid Depósito 1 12/08/2021 Donación   A-14707 1202619 23/02/2023 23/02/2023 Libro impreso